Ještě k Baťovi
Podrobný životopis Tomáša Baťu. Stavebné oddelenie firmy Baťa - Zlín. Charakteristika, štýl práce a metódy riadenia. Chronologický prehľad výstavby najdôležitejších objektov. Charakteristika stavebného oddelenia. Organizačná štruktúra. Špecifické podmienky stavebného podnikania v rámci firmy Baťa. C...
Salvato in:
| Autore principale: | |
|---|---|
| Natura: | Capitolo di libro |
| Lingua: | ceco |
| Soggetti: | |
| Tags: |
Nessun Tag, puoi essere il primo ad aggiungerne!!
|
MARC
| LEADER | 00000naa$a2200000$$$4500 | ||
|---|---|---|---|
| 001 | 0022310 | ||
| 005 | 20231107101758.1 | ||
| 041 | 0 | |a cze | |
| 044 | |a CZ | ||
| 245 | 1 | 0 | |a Ještě k Baťovi |c Milan Koutský |
| 520 | |a Podrobný životopis Tomáša Baťu. Stavebné oddelenie firmy Baťa - Zlín. Charakteristika, štýl práce a metódy riadenia. Chronologický prehľad výstavby najdôležitejších objektov. Charakteristika stavebného oddelenia. Organizačná štruktúra. Špecifické podmienky stavebného podnikania v rámci firmy Baťa. Charakteristika stavebnej výroby. Hospodárske strediská. | ||
| 610 | 2 | 0 | |a riadenie podnikové |
| 610 | 2 | 0 | |a metódy riadenia |
| 610 | 2 | 0 | |a životopisy |
| 610 | 2 | 0 | |a štýl vedenia |
| 610 | 2 | 0 | |a štýl pracovný |
| 610 | 2 | 0 | |a štýl životný |
| 610 | 2 | 0 | |a stavebníctvo |
| 610 | 2 | 0 | |a výroba stavebná |
| 610 | 2 | 0 | |a priemysel obuvnícky |
| 610 | 2 | 0 | |a strediská hospodárske |
| 610 | 2 | 0 | |a batizmus |
| 610 | 2 | 0 | |a Baťa, T. |
| 100 | 1 | |a Koutský, Milan | |